LIBRARY & INFORMATION CENTRE, KCAET, TAVANUR

ONLINE PUBLIC ACCESS CATALOGUE (OPAC)

Thermal Engineering (Record no. 14033)

MARC details
000 -LEADER
fixed length control field 00286nam a22001217a 4500
082 ## - DEWEY DECIMAL CLASSIFICATION NUMBER
Classification number 621.402
Item number THO/TH
100 ## - MAIN ENTRY--AUTHOR NAME
Personal name Thomas M R
100 ## - MAIN ENTRY--AUTHOR NAME
Personal name Sagir C K M
245 ## - TITLE STATEMENT
Title Thermal Engineering
260 ## - PUBLICATION, DISTRIBUTION, ETC. (IMPRINT)
Place of publication Ernakulam
Name of publisher M & C Publishers and Distributors
Year of publication 2011
300 ## - PHYSICAL DESCRIPTION
Number of Pages 589
942 ## - ADDED ENTRY ELEMENTS (KOHA)
Koha item type Books
Holdings
Withdrawn status Lost status Damaged status Collection code Home library Current library Shelving location Date acquired Source of acquisition Cost, normal purchase price Full call number Accession Number Koha item type
      Non-fiction KAUAET KAUAET General Stacks 30/03/2013 Aman Book Stall, Calicut 160.00 621.402 THO/TH 24136 Books
free website counter